Fundamentals of nursing, active learning for collaborative practice / (Record no. 2609)

MARC details
000 -LEADER
fixed length control field 00483nam a22001695i 4500
008 - FIXED-LENGTH DATA ELEMENTS--GENERAL INFORMATION
fixed length control field 210927s2022 pau 000 0 eng
020 ## - INTERNATIONAL STANDARD BOOK NUMBER
ISBN 9780323828093
100 1# - MAIN ENTRY--AUTHOR
Author Yoost, Barbara,
245 10 - TITLE STATEMENT
Title Fundamentals of nursing, active learning for collaborative practice /
Statement of responsibility, etc Barbara Yoost, Lynne Crawford.
250 ## - EDITION STATEMENT
Edition statement Third.
260 ## - PUBLICATION, DISTRIBUTION, ETC. (IMPRINT)
Place of publication Missouri
Name of publisher Elsevier Ltd
Date of publication 2023
300 ## - COLLATION
Pagination pages cm
650 ## - TRACINGS
Main Subject Nursing
700 1# - ADDITIONAL AUTHOR
Additional Author Crawford, Lynne,
942 ## - ADDED ENTRY ELEMENTS (KOHA)
Item type Books
050 ## - LIBRARY OF CONGRESS CALL NUMBER
Classification number RT41
Item number .Y66
Holdings
Source of classification or shelving scheme Not for loan Permanent location Current location Date acquired Accession No. Full call number Barcode. Koha item type
Library of Congress Classification   Medical Library Medical Library 03/24/2025 2024/64058 RT41.Y66 2025-0897 Books